|
|
|
|
| LEADER |
00961nam a2200253 a 4500 |
| 001 |
13922545 |
| 008 |
100426s2006 maua b 001 0 eng d |
| 010 |
|
|
|a 2005047638
|
| 020 |
|
|
|a 0205457959
|
| 040 |
|
|
|a DLC
|c DLC
|d DLC
|d DB-DhAAL
|
| 082 |
0 |
0 |
|a 150
|2 22
|
| 100 |
1 |
|
|a Wood, Samuel E.
|
| 245 |
1 |
0 |
|a Mastering the world of psychology /
|c Samuel E. Wood, Ellen Green Wood, Denise Boyd.
|
| 250 |
|
|
|a 2nd ed.
|
| 260 |
|
|
|a Boston :
|b Pearson/Allyn and Bacon,
|c c2006.
|
| 300 |
|
|
|a xxviii, 454, [149] p. :
|b col. ill. ;
|c 28 cm.
|
| 504 |
|
|
|a Includes bibliographical references (p. R1-R47) and indexes.
|
| 541 |
1 |
|
|e 00017378
|
| 650 |
|
0 |
|a Psychology
|v Textbooks.
|
| 700 |
1 |
|
|a Wood, Ellen R. Green.
|
| 700 |
1 |
|
|a Boyd, Denise Roberts.
|
| 852 |
4 |
|
|a Ayesha Abed Library
|j General Shelf.
|
| 999 |
|
|
|c 8258
|d 8258
|
| 952 |
|
|
|0 0
|1 0
|2 ddc
|4 0
|6 150_WOO_200600000000000
|7 0
|9 9467
|a BRACUL
|b BRACUL
|c GEN
|d 2010-04-27
|l 13
|m 48
|o 150 WOO
|p 3010017378
|r 2025-08-21
|s 2025-08-07
|t 1
|w 2010-04-27
|y BK
|